Nyugdíjhelyzet Magyarországon az 1990-es évektől napjainkig

Bibliográfiai részletek
Szerző: Forgó Fanni
További közreműködők: Vereckei László
Dokumentumtípus: Diplomadolgozat
Kulcsszavak:Nyugdíj
Önkéntes nyugdíjpénztár
Állami nyugdíjrendszer
Magyarország
Online Access:http://dolgozattar.uni-bge.hu/15522

MARC

LEADER 00000nta a2200000 i 4500
001 dolg15522
005 20200430094212.0
008 180507suuuu hu om 000 hun d
040 |a BGE Dolgozattár Repozitórium  |b hun 
041 |a hu 
100 1 |a Forgó Fanni 
245 1 0 |a Nyugdíjhelyzet Magyarországon az 1990-es évektől napjainkig  |c Forgó Fanni  |h [elektronikus dokumentum] 
695 |a Nyugdíj 
695 |a Önkéntes nyugdíjpénztár 
695 |a Állami nyugdíjrendszer 
695 |a Magyarország 
700 1 |a Vereckei László  |e ths 
856 4 0 |u http://dolgozattar.uni-bge.hu/15522/3/SzakdolgozatFriss.pdf  |z Dokumentum-elérés